Language Quiz

Random Language or Spanish Quiz

Jordan Wang Spanish Quiz Stats

 Plays Quiz not verified by Sporcle

Score 0/26 Timer 03:00
0 Plays Today
spanish ingles % Correct
el bebebaby
94.3%
a vecessometimes
66%
el hermanastrostepbrother
64.2%
la madrastastepmother
62.3%
ricorich
62.3%
el sobrinonephew
58.5%
la amistadfriendship
56.6%
el padrastostepfather
54.7%
impacienteimpatient
54.7%
dibujarto draw
52.8%
obedienteobedient
50.9%
pobrepoor
50.9%
divertidofun
49.1%
spanish ingles % Correct
sociablesociable
49.1%
los gemelostwins
47.2%
el parienteparent
45.3%
fuera deoutside
37.7%
dentro deinside
35.8%
construirto construct
34%
el juguetetoy
30.2%
el noviogroom
22.6%
el bisabuelograndfather
20.8%
amablenice
18.9%
la marionetapuppet
13.2%
saltar la cuerdato jump rope
13.2%
la risalaughter
9.4%

You're not logged in!

Compare scores with friends on all Sporcle quizzes.
OR
Log In

Sporcle TV

Today on Sporcle TV


Watch our educational content, quiz creation guides, and fun videos on Sporcle TV.

Show Comments

Extras

Top Quizzes Today


Score Distribution

Your Account Isn't Verified!

In order to create a playlist on Sporcle, you need to verify the email address you used during registration. Go to your Sporcle Settings to finish the process.

Report this User

Report this user for behavior that violates our Community Guidelines.

Details: